| 000 | 01045cab a2200289 4500 | ||
|---|---|---|---|
| 001 | ABS57610 | ||
| 008 | 090401t1997 xxu||||| |||| 00| 0 eng d | ||
| 035 | _a(Sirsi) u80927 | ||
| 041 | _aeng | ||
| 100 | _aTaylor, S. | ||
| 245 | _aHas the residential land market peaked? | ||
| 260 | _c1997 | ||
| 350 | _a0 | ||
| 490 |
_aProperty Finance & Development _v9(8) August 1997, 4-7(4) |
||
| 520 | _aAttempts to ascertain whether residential land prices have reached their peak in the UK. Concludes that in the South-East prices have reached their limit and that the government will use various mechanisms to stem price rises throughout the rest of the country. | ||
| 650 | _aHOUSE PRICES | ||
| 650 | _aHOUSE BUILDING INDUSTRY | ||
| 650 | _aHOUSE BUILDING LAND | ||
| 650 | _aLAND VALUES | ||
| 650 | _aRESIDENTIAL DEVELOPMENT LAND | ||
| 650 | _aRESIDENTIAL LAND PRICES | ||
| 650 | _aSOUTH EAST | ||
| 650 | _aSTAMP DUTY | ||
| 690 | _aPROPERTY-RESIDENTIAL PROPERTY-RESIDENTIAL PROPERTY MARKET | ||
| 942 | _n0 | ||
| 948 | _c17/09/1997 | ||
| 999 |
_c50970 _d50970 |
||